000 00577nam a2200217Ia 4500
001 3018
003 GE_BSU
008 181216s||||||||xx |||||||||||||| ||und||
020 _a5900946010
040 _cGE_BSU
080 _a331.4
100 _aЧеботарь Ю.М.
245 _aОплата труда и ценообразование
260 _aМосква
260 _bМир деловой книги
260 _c1997
300 _a128 с. 20 см.
541 _h2 л.
653 _aОплата труда и ценообразование
942 _cBK
999 _c37064
_d37064